Klimatizácia administratívnej budovy - vybrané časti

Salvato in:
Dettagli Bibliografici
Autore principale: Zemánek, Peter, 1984- (Autore)
Altri autori: Székyová, Marta, 1944- (Relatore della tesi)
Natura: Manoscritto Libro
Lingua:slovacco
Pubblicazione: Bratislava : STU v Bratislave SvF, 2010
Soggetti:
Accesso online:VAIS
Tags: Aggiungi Tag
Nessun Tag, puoi essere il primo ad aggiungerne!!

MARC

LEADER 00000ntm a22000003a 4500
001 stu216654
005 20160721135513.9
008 101116s2010----xo------------------slo-d
040 |a STU  |b slo 
041 0 |a slo 
044 |a xo 
100 1 |a Zemánek, Peter,  |d 1984-  |4 aut  |X 16817  |7 A000016817 
242 0 0 |a Air-conditioning of an office building - chosen parts  |y eng 
245 1 |a Klimatizácia administratívnej budovy - vybrané časti 
260 |a Bratislava :  |b STU v Bratislave SvF,  |c 2010 
650 7 |a technické zariadenia budov  |2 stusub 
650 7 |a Building Services  |2 estusub 
650 7 |a klimatizácia  |2 stusub 
650 7 |a air-conditioning  |2 estusub 
700 1 |a Székyová, Marta,  |d 1944-  |4 ths  |u V290  |U SvF Stavebná fakulta  |T SvF Katedra technických zariadení budov  |X 682  |U V290  |Y 31  |7 A000000682 
856 4 |a info a plný text  |u http://is.stuba.sk/zp/portal_zp.pl?podrobnosti=63669  |3 VAIS 
996 |s P  |a 0  |w stu216654_0001